| 000 | 00970nam a22002897a 4500 | ||
|---|---|---|---|
| 999 |
_c41 _d41 |
||
| 003 | AR-BaISA | ||
| 005 | 20220512203620.0 | ||
| 007 | ta | ||
| 008 | 170323b2015 sp ad||| ||| 00| 0 spa d | ||
| 020 | _a97884160004669 | ||
| 040 | _cAR-BaISA | ||
| 082 | 0 | 4 |
_222 _a612 C674 |
| 100 | 1 | 0 |
_951 _aCostanzo, Linda |
| 245 | 1 | 0 |
_aFisiología / _cLinda Costanzo |
| 250 | _a6ª ed. | ||
| 260 |
_aBarcelona: _bWolters Kluwer, _c2015 |
||
| 300 |
_a318 p.: _bil., graf. |
||
| 490 | 1 | _aRevisión de temas | |
| 505 |
_tFisiología celular -- _tNeurofisiología -- _tFisiología cardiovascular -- _tFisiología respiratoria -- _tFisiología renal y equilibrio ácido-base -- _tFisiología gastrointestinal -- _tFisiología endocrina |
||
| 650 | 1 | 4 |
_931 _aFisiología humana |
| 650 | 1 | 4 |
_952 _aSistema nervioso |
| 650 | 1 | 4 |
_955 _aSistema cardiovascular |
| 650 | 1 | 4 |
_953 _aSistema digestivo |
| 650 | 1 | 4 |
_954 _aSistema endocrino |
| 830 | 0 |
_944 _aRevisión de temas |
|
| 942 |
_2ddc _cLI |
||